Die meist aufgerufesten Wikipedia Artikel über Länder (2024) - Statistiken

Allgemein
  • Dieses Quiz wurde 92 mal gespielt
  • Das Durchschnittsergebnis liegt bei 13 aus 20
Antwortstatistiken
Antwort Aufrufe % Korrekt
VR China 810.000
100%
Deutschland 4.520.000
99%
Vereinigte Staaten 1.760.000
96%
Russland 1.420.000
95%
Italien 960.000
91%
Vereinigtes Königreich 930.000
89%
Polen 830.000
80%
Ukraine 1.240.000
78%
Indien 800.000
76%
Schweiz 1.470.000
70%
Österreich 1.510.000
68%
Türkei 930.000
68%
Iran 1.060.000
65%
Niederlande 960.000
65%
Israel 1.290.000
54%
Dänemark 840.000
53%
Syrien 1.050.000
48%
Albanien 830.000
15%
Republik Moldau 840.000
11%
Georgien 1.320.000
4%
Keine übereinstimmenden Quizze gefunden
Verteilung der Resultate
Anzahl Personen mit jedem Resultat
Perzentil nach korrekt beantworteten Fragen
Ihre Resultats-Entwicklung
Sie haben dieses Quiz noch nicht gespielt